00644nam a2200157 a 450000100100000000500170001000800410002704000250006810000570009324500920015026000310024230000210027304900090029495201660030399900170046900003380420200930070530.0110912s1893 es 000 0 spa d aDO-SdBNPbspacBNPHU1 aCastonnet des Fosses, H.d1846-1898.q(Henri)95922613aLa perte d'une colonie :bla Révolucion de Saint-Domingue /cH. Castonnet des Fosses. aParis :bA. Faivre,c1893. a377 p. ;c19 cm. aBNPD 001050718RVaPDbPDcCTd2011-09-12iLF1l0o p33804-10r2020-06-25w2020-06-25y1zPerteneció a la biblioteca personal de Julio Ortega FrierZNo se presta c33295d33295